000 00895 a2200205 4500
020 _a0486411818
020 _a9780486411811
082 _a620.00151535
090 _c1229
_d1229
100 1 _aHughes, Thomas J. R.
245 1 4 _aThe finite element method :
_blinear static and dynamic finite element analysis /
_cThomas J. R. Hughes, Engineering.
260 _a[S.l.] :
_bDover Publications,
_c2000.
300 _a672 p. ;
_c24 cm.
490 1 _aDover civil and mechanical engineering.
700 1 _aHughes, Thomas J. R.
830 0 _aDover civil and mechanical engineering.
942 _aSNS
_cBK
_k620.00151535 HUG
999 _c29842
_d29842